Quick Pick: 'M' Food Quiz Stats

 Plays Quiz Updated Jan 30, 2019

Support Sporcle.
Go Orange.
Score 0/15 Timer 01:00
1 Play Today
% Correct
macaroon
98.2%
macadamia
95.3%
marzipan
92.8%
mandarin
92.1%
muesli
87.4%
mahi-mahi
83.5%
manicotti
81.5%
millet
80%
% Correct
marjoram
79.2%
matzo
79%
mangosteen
54.9%
mesclun
49.5%
madrilene
25.1%
macon
23%
mahlab
18.4%

Today's Daily Dose

You're not logged in!

Compare scores with friends on all Sporcle quizzes.
OR
Log In
Forgot?

From the Vault

Books by Chapter Titles

by missmay

They say never judge a book by its cover, but I say that chapter titles are fair game.
Remove Ads.
Support Sporcle.
Get the best of Sporcle when you Go Orange. This ad-free experience offers more features, more stats, and more fun while also helping to support Sporcle. Thank you for becoming a member.

Show Comments

Extras

Top Quizzes Today


Score Distribution

Your Account Isn't Verified!

In order to create a playlist on Sporcle, you need to verify the email address you used during registration. Go to your Sporcle Settings to finish the process.

Report this User

Report this user for behavior that violates our Community Guidelines.

Details: